Southville International School and Colleges
Your cart is empty.
  • Cart
  • Lists
    Public lists Eva Luna New books Lux_list list_1
    Your lists Log in to create your own lists
  • Log in to your account
  • Your cookies
  • Search history
Southville International School and Colleges
  • Advanced search
  • Recent comments
  • Most popular
  • Libraries

Log in to your account

Log in with GOOGLE


If you do not have an external account, but do have a local account, you can still log in:

  1. Home
  2. MARC view: Fundamentals of big data :
Normal view MARC view ISBD view

Fundamentals of big data : (Record no. 305143)

[ view plain ]
MARC details
000 -LEADER
fixed length control field 01341cam a2200325 i 4500
001 - CONTROL NUMBER
control field 18779897
003 - CONTROL NUMBER IDENTIFIER
control field SISC
005 - DATE AND TIME OF LATEST TRANSACTION
control field 20160930111927.0
008 - FIXED-LENGTH DATA ELEMENTS--GENERAL INFORMATION
fixed length control field 150911t20162016enka b 001 0 eng c
010 ## - LIBRARY OF CONGRESS CONTROL NUMBER
LC control number 2015034570
020 ## - INTERNATIONAL STANDARD BOOK NUMBER
International Standard Book Number 9781119015581 (cloth)
040 ## - CATALOGING SOURCE
Original cataloging agency WaSeSS/DLC
Language of cataloging eng
Transcribing agency WaSeSS
Description conventions rda
Modifying agency DLC
042 ## - AUTHENTICATION CODE
Authentication code pcc
050 00 - LIBRARY OF CONGRESS CALL NUMBER
Classification number QA 76.9.D343
Item number .L445 2016
082 00 - DEWEY DECIMAL CLASSIFICATION NUMBER
Classification number 006.3/12
100 1# - MAIN ENTRY--PERSONAL NAME
Personal name Lee, Hyunjoung,
Relator term author.
245 10 - TITLE STATEMENT
Title Fundamentals of big data :
Remainder of title network analysis for research and industry /
Statement of responsibility, etc Hyunjoung Lee, Institute of Green Technology, Yonsei University, Republic of Korea, Il Sohn, Material Science and Engineering, Yonsei University, Republic of Korea.
250 ## - EDITION STATEMENT
Edition statement 1st edition.
260 ## - PUBLICATION, DISTRIBUTION, ETC. (IMPRINT)
Place of publication, distribution, etc UK :
Name of publisher, distributor, etc John Wiley & Sons, Ltd,
Date of publication, distribution, etc 2016.
300 ## - PHYSICAL DESCRIPTION
Extent xviii, 196 pages :
Other physical details illustrations ;
Dimensions 24 cm.
500 ## - GENERAL NOTE
General note Includes bibliographical references and index.
650 #0 - SUBJECT ADDED ENTRY--TOPICAL TERM
Topical term or geographic name as entry element Data mining.
650 #0 - SUBJECT ADDED ENTRY--TOPICAL TERM
Topical term or geographic name as entry element Big data.
650 #0 - SUBJECT ADDED ENTRY--TOPICAL TERM
Topical term or geographic name as entry element Decision making
General subdivision Data processing.
700 1# - ADDED ENTRY--PERSONAL NAME
Personal name Sohn, Il,
Relator term author.
776 08 - ADDITIONAL PHYSICAL FORM ENTRY
Display text Online version:
Main entry heading Lee, Hyunjoung, author.
Title Fundamentals of big data
Place, publisher, and date of publication Chichester, UK ; Hoboken, NJ : John Wiley & Sons, 2015
International Standard Book Number 9781119015574
Record control number (DLC) 2015036339
906 ## - LOCAL DATA ELEMENT F, LDF (RLIN)
a 7
b cbc
c orignew
d 1
e ecip
f 20
g y-gencatlg
942 ## - ADDED ENTRY ELEMENTS (KOHA)
Source of classification or shelving scheme Library of Congress Classification
Koha item type Books
Holdings
Withdrawn status Lost status Source of classification or shelving scheme Damaged status Home library Current library Shelving location Date acquired Source of acquisition Sub Shelving location Total Checkouts Full call number Barcode Date last seen Price effective from Koha item type
    Library of Congress Classification   College Library College Library Graduate Section 09/30/2016 Library Fund     QA 76.9.D343 .L445 2016 C20719 05/15/2018 09/30/2016 Books

Fundamentals of big data :

APA

Lee H., Sohn I., . (2016). Fundamentals of big data. UK: John Wiley & Sons, Ltd.

Chicago

Lee Hyunjoung, Sohn Il, . 2016. Fundamentals of big data. UK: John Wiley & Sons, Ltd.

Harvard

Lee H., Sohn I., . (2016). Fundamentals of big data. UK: John Wiley & Sons, Ltd.

MLA

Lee Hyunjoung, Sohn Il, . Fundamentals of big data. UK: John Wiley & Sons, Ltd. 2016.

  • Place hold
  • Print
  • Cite
  • Add to your cart (remove)
  • Save record
    BIBTEX Dublin Core MARCXML MARC (non-Unicode/MARC-8) MARC (Unicode/UTF-8) MARC (Unicode/UTF-8, Standard) MODS (XML) RIS
  • More searches
    Search for this title in:
    Other Libraries (WorldCat) Other Databases (Google Scholar) Online Stores (Bookfinder.com) Open Library (openlibrary.org)

Exporting to Dublin Core...

SOUTHVILLE LIBRARY

Southville International School and Colleges Library

1281 Tropical Ave. Cor. Luxembourg St., BF Homes International, Las Pinas City

Tel. No. 8256374 / 252358 Loc. 117/146

Powered by Koha